<?xml version="1.0" encoding="UTF-8"?><?xml-stylesheet type="text/xsl" href="static/style.xsl"?><OAI-PMH xmlns="http://www.openarchives.org/OAI/2.0/" xmlns:xsi="http://www.w3.org/2001/XMLSchema-instance" xsi:schemaLocation="http://www.openarchives.org/OAI/2.0/ http://www.openarchives.org/OAI/2.0/OAI-PMH.xsd"><responseDate>2026-06-01T18:41:09Z</responseDate><request verb="GetRecord" identifier="oai:riuma.uma.es:10630/25324" metadataPrefix="marc">https://riuma.uma.es/rest/oai/request</request><GetRecord><record><header><identifier>oai:riuma.uma.es:10630/25324</identifier><datestamp>2026-02-03T12:21:25Z</datestamp><setSpec>com_10630_2254</setSpec><setSpec>col_10630_37959</setSpec></header><metadata><record xmlns="http://www.loc.gov/MARC21/slim" xmlns:dcterms="http://purl.org/dc/terms/" xmlns:doc="http://www.lyncode.com/xoai" xmlns:xsi="http://www.w3.org/2001/XMLSchema-instance" xsi:schemaLocation="http://www.loc.gov/MARC21/slim http://www.loc.gov/standards/marcxml/schema/MARC21slim.xsd">
   <leader>00925njm 22002777a 4500</leader>
   <datafield ind2=" " ind1=" " tag="042">
      <subfield code="a">dc</subfield>
   </datafield>
   <datafield ind2=" " ind1=" " tag="720">
      <subfield code="a">Smolak-Lozano, Emilia</subfield>
      <subfield code="e">author</subfield>
   </datafield>
   <datafield ind2=" " ind1=" " tag="720">
      <subfield code="a">Nakayama, Atsuho</subfield>
      <subfield code="e">author</subfield>
   </datafield>
   <datafield ind2=" " ind1=" " tag="260">
      <subfield code="c">2022</subfield>
   </datafield>
   <datafield ind2=" " ind1=" " tag="520">
      <subfield code="a">Con el objetivo de profundizar en los contenidos semánticos de la opinión pública online dentro del debate de Internet sobre estos temas, hemos aplicado el método de la lingüística computacional al análisis semántico del discurso de los usuarios (Contenido Generado por el Usuario). En el intento de cartografiar el complejo universo del debate global sobre la cuestión medioambiental, la investigación aplica el proceso de modelos lingüísticos para extraer los contenidos semánticos representados en las conversaciones digitales que permite recrear un marco semántico. Para ello, se eligió un marco temporal específico para mapear el discurso digital de los ciudadanos y centrarse en la crisis climática: la cumbre de la COP25 con el discurso y aparición de Greta Thunberg como eje principal de análisis comunicativo. Su persona y discursos suelen provocar la intensificación y focalización del contenido del debate en Social Media. El procesamiento del lenguaje natural aplicado a través del método LDA analizó casi 40 mil publicaciones online publicadas en Diciembre 2019, procesando las nubes de palabras, extrayendo las principales palabras clave y hashtags, recreando la red de palabras en las entradas y finalmente construyendo la matriz de la descripción del calentamiento global y el cambio climático: polarizado, fragmentarizado y con noticias falsas y participación de negacionistas o expertos auto-proclamados. Como tal, el empleo de avanzados modelos de análisis de text- mining en el mundo online puede tener implicaciones para el futuro de la gestión de las estrategias de comunicación a la hora de responder a las crisis y proporciona las indicaciones de cómo manejar el discurso público online, así como profundizar en los métodos de monitorización online de las conversaciones sociales.</subfield>
   </datafield>
   <datafield ind1="8" ind2=" " tag="024">
      <subfield code="a">Smolak Lozano E, Nakayama A. (2022). Análisis semántico de discurso en social media sobre el cambio climático y calentamiento global con el enfoque en la opinión pública acerca de Greta Thunberg. CUICIID 2022. Madrid. España. Forum XXI.</subfield>
   </datafield>
   <datafield ind1="8" ind2=" " tag="024">
      <subfield code="a">https://hdl.handle.net/10630/25324</subfield>
   </datafield>
   <datafield tag="653" ind2=" " ind1=" ">
      <subfield code="a">Redes sociales</subfield>
   </datafield>
   <datafield tag="653" ind2=" " ind1=" ">
      <subfield code="a">Clima -- Cambios</subfield>
   </datafield>
   <datafield tag="653" ind2=" " ind1=" ">
      <subfield code="a">Lingüística computacional</subfield>
   </datafield>
   <datafield ind2="0" ind1="0" tag="245">
      <subfield code="a">Análisis semántico de discurso en social media sobre el cambio climático y calentamiento global con el enfoque en la opinión pública acerca de Greta Thunberg</subfield>
   </datafield>
</record>
</metadata></record></GetRecord></OAI-PMH>